| 000 | 01331nam a2200325 a 4500 | ||
|---|---|---|---|
| 999 |
_c769 _d769 |
||
| 003 | AR-BaISA | ||
| 005 | 20220225105359.0 | ||
| 007 | ta | ||
| 008 | 180212s2017 sp ado | |||| 001 0 spa d | ||
| 020 | _a9788491132226 | ||
| 040 |
_bspa _cAR-BaISA |
||
| 082 | 0 | 4 |
_222 _a615.82 C45 |
| 100 | 1 |
_aCleland, Joshua _91831 _eaut. |
|
| 245 | 1 | 0 |
_aExploración clínica en ortopedia: _bun enfoque basado en la evidencia / _cFrank Netter; Joshua A. Cleland, Shane Koppenhaver y Jonathan Su |
| 246 | 3 | 0 | _aNetter, Exploración clínica en ortopedia |
| 250 | _a3ª ed. | ||
| 260 |
_aBarcelona: _bElsevier, _c2017 |
||
| 300 |
_aXI, 651 p.: _bil. graf., fot.; _c26 cm. |
||
| 336 |
_aTexto (visual) _2isbdcontent |
||
| 337 |
_asin mediación _2isbdmedia |
||
| 504 | _aBibliografía al final de cada capítulo | ||
| 504 | _aÍndice p.: 611-651 | ||
| 505 |
_tLa fiabilidad y utilidad diagnóstica de la exploración clínica en ortopedia -- _tArticulación temporomandibular -- _tColumna cervical -- _tRegión sacroilíaca -- _tCadera y pelvis -- _tRodilla -- _tPie y tobillo -- _tHombro -- _tCodo y antebrazo -- _tMano |
||
| 650 | 1 | 4 |
_aAparato locomotor _9880 |
| 650 | 1 | 4 |
_aOrtopedia _91008 |
| 700 |
_91832 _aKoppenhaver, Shane _eaut. |
||
| 700 |
_91833 _aSu, Jonathan _eaut. |
||
| 700 |
_91263 _aNetter, Frank _eaut. |
||
| 942 |
_2ddc _cLI _e22 |
||